000 00857 a2200205 4500
999 _c6124
_d6124
020 _a9789251070659
050 _aHD1476 FEL 2011
100 _aFellows, Peter
_eauthor
110 _aFood and Agriculture Organization of the United Nations. Rural Infrastructure and Agro-Industries Division.
245 _aValue from village processing /
_cPeter Fellows
250 _a2nd
264 _aRome :
_bFood and Agriculture Organization of the United Nations. Rural Infrastructure and Agro-Industries Division,
_c2011.
300 _a103p. :
_bill.
440 _aDiversification booklet, 4.
500 _aIncludes bibliographical references
650 _aAgricultural processing
_xDeveloping countries.
650 _aFarms, Small -- Developing countries.
650 _aFood industry and trade -- Developing countries.
942 _2lcc
_cBK
_e2nd ed.
_h1476
_iFEL
_kHD